{"text_format":"3","workbook":"xlsx","n_sheets":1,"sheets":["Sheet1"],"read":"whole","date_system":"1900"}

{"sheet":"Sheet1","index":0,"n_rows":210,"n_cols":11,"rows_kept":210,"merged":[[0,0,0,10],[2,6,208,6],[4,9,5,9],[4,10,5,10],[6,9,7,9],[6,10,7,10],[10,9,11,9],[10,10,11,10],[30,9,31,9],[30,10,31,10],[36,9,37,9],[36,10,37,10],[43,9,44,9],[43,10,44,10],[47,9,49,9],[47,10,49,10],[51,9,52,9],[51,10,52,10],[53,9,56,9],[53,10,56,10],[138,9,140,9],[138,10,140,10],[144,9,145,9],[144,10,145,10],[146,9,147,9],[146,10,147,10],[149,9,150,9],[149,10,150,10],[151,9,153,9],[151,10,153,10],[157,9,158,9],[157,10,158,10],[172,9,173,9],[172,10,173,10],[183,9,184,9],[183,10,184,10],[185,9,186,9],[185,10,186,10],[187,0,187,1],[188,0,188,1],[189,0,189,1],[190,0,190,1],[191,0,191,1],[192,0,192,1],[193,0,193,1],[199,9,200,9],[199,10,200,10],[209,0,209,2],[209,4,209,5],[209,6,209,8]]}
["2026年七星关区农村公路日常养护及应急养护工程（4标）--劳务合作工程量清单"]
["子目号","子目名称","单位","不含税限价（元）","工程量","总价（元）","单价下浮率（%）","单价报价（元）","报价总价（元）","分包工作内容","备注"]
["203","挖方路基",{"$nulls":5},{"$f":"TRUNC(D3*(1-$G$3/100),2)","v":{"v":0,"d":"0.00"}},{"$f":"H3*E3","v":{"v":0,"d":"0.00"}}]
["203-1","路基挖方",{"$nulls":5},{"$f":"TRUNC(D4*(1-$G$3/100),2)","v":{"v":0,"d":"0.00"}},{"$f":"H4*E4","v":{"v":0,"d":"0.00"}}]
["a","挖土方（运距5km）","m3",{"v":13,"d":"13.00"},{"v":3630,"d":"3630.00"},{"$f":"E5*D5","v":{"v":47190,"d":"47190.00"}},null,{"v":13,"d":"13.00"},{"v":47190,"d":"47190.00"},"含设置安全区域，边坡坍塌方清理及滑坡体的清除，装土/石，运送，卸除，空回，清理工作面等一切人、机费用"]
["b","挖石方（运距5km）","m3",{"v":30,"d":"30.00"},{"v":1210,"d":"1210.00"},{"v":36300,"d":"36300.00"},null,{"v":30,"d":"30.00"},{"v":36300,"d":"36300.00"}]
["c","15t以内自卸汽车运石方,每增运0.5km","m3/km",{"v":1,"d":"1.00"},null,0,null,{"v":1,"d":"1.00"},{"v":0,"d":"0.00"},"含设置安全区域，运输车辆燃油、驾驶员工资、修理费，土石料的装、运、卸、空回等一切人、材、机费用"]
["d","15t以内自卸汽车运土方,每增运0.5km","m3/km",{"v":1,"d":"1.00"},null,0,null,{"v":1,"d":"1.00"},{"v":0,"d":"0.00"}]
["204","填方路基",null,null,0,null,null,{"v":0,"d":"0.00"},{"v":0,"d":"0.00"}]
["204-1","路基填筑（包括填前压实）",null,null,0,null,null,{"v":0,"d":"0.00"},{"v":0,"d":"0.00"}]
["a","碎石填筑路基","m3",{"v":70,"d":"70.00"},{"v":60.5,"d":"60.50"},{"$f":"E11*D11","v":{"v":4235,"d":"4235.00"}},null,{"v":70,"d":"70.00"},{"v":4235,"d":"4235.00"},"含设置安全区域，材料、基底翻松、压实、挖台阶，分层摊铺，洒水、压实、刷坡，整形等一切费用"]
["b","片石填筑路基","m3",{"v":65,"d":"65.00"},{"v":60.5,"d":"60.50"},{"v":3932.5,"d":"3932.50"},null,{"v":65,"d":"65.00"},{"v":3932.5,"d":"3932.50"}]
[205,"软土路基处理",null,null,0,null,null,{"v":0,"d":"0.00"},{"v":0,"d":"0.00"}]
[-1,"垫层",null,null,0,null,null,{"v":0,"d":"0.00"},{"v":0,"d":"0.00"}]
["a","碎石垫层","m3",{"v":70,"d":"70.00"},{"v":72.6,"d":"72.60"},{"v":5082,"d":"5082.00"},null,{"v":70,"d":"70.00"},{"v":5082,"d":"5082.00"},"含设置安全区域，材料，原软土路基挖除，基底清理，铺筑、碾压等一切人、材、机费用"]
[null,"边沟",null,null,0,null,null,{"v":0,"d":"0.00"},{"v":0,"d":"0.00"}]
["a","现浇混凝土边沟（C20）","m3",{"v":390,"d":"390.00"},null,{"$f":"E17*D17","v":0},null,{"v":390,"d":"390.00"},{"v":0,"d":"0.00"},"含所需的片石（碎石）、中砂、水泥材料或商品混凝土、运输、储存；墙体模板、脚手架搭设；墙体浇筑、振捣、墙背回填、抹面、勾缝、养生、墙面修饰等一切人、材、机费用"]
["b","边沟清淤（运距1km）","m3",{"v":35,"d":"35.00"},{"v":72.6,"d":"72.60"},{"v":2541,"d":"2541.00"},null,{"v":35,"d":"35.00"},{"v":2541,"d":"2541.00"},"含设置安全区域，挖除、装卸、运送、空回等一切人、材、机费用"]
["c","更换边沟盖板（C30）","m",{"v":20,"d":"20.00"},{"v":24,"d":"24.00"},{"v":480,"d":"480.00"},null,{"v":20,"d":"20.00"},{"v":480,"d":"480.00"},"含设置安全区域，原材料的、运输、储存，原损坏盖板清除，盖板预制、运输，砂浆制备，安装、调平等一切人、材、机费用"]
["d","M7.5浆砌片石边沟","m3",{"v":300,"d":"300.00"},31.46,{"v":9438,"d":"9438.00"},null,{"v":300,"d":"300.00"},{"v":9438,"d":"9438.00"},"含所需的片石、中砂、水泥等材料，运输、储存，脚手架搭设；墙体砂浆拌合运输；墙体砌筑、墙背回填、抹面、勾缝、养生、墙面修饰等一切人、材、机费用"]
["209-1","砌体挡土墙",null,null,0,null,null,{"v":0,"d":"0.00"},{"v":0,"d":"0.00"}]
["a","浆砌片（块）石","m3",{"v":300,"d":"300.00"},{"v":2904,"d":"2904.00"},{"$f":"E22*D22","v":{"v":871200,"d":"871200.00"}},null,{"v":300,"d":"300.00"},{"v":871200,"d":"871200.00"},"含所需的片石、中砂、水泥等材料，运输、储存，脚手架搭设；墙体砂浆拌合运输；墙体砌筑、墙背回填、抹面、勾缝、养生、墙面修饰等一切人、材、机费用"]
["b","M7.5浆砌片石护面墙","m3",{"v":300,"d":"300.00"},null,0,null,{"v":300,"d":"300.00"},{"v":0,"d":"0.00"},"含所需的片石、中砂、水泥等材料，运输、储存，脚手架搭设；墙体砂浆拌合运输；墙体砌筑、墙背回填、抹面、勾缝、养生、墙面修饰等一切人、材、机费用"]
["c","挡土墙墙背填石","m3",{"v":65,"d":"65.00"},null,0,null,{"v":65,"d":"65.00"},{"v":0,"d":"0.00"},"含设置安全区域，材料，原软土路基挖除，基底清理，铺筑、碾压等一切人、材、机费用"]
["209-2","混凝土挡土墙",null,null,0,null,null,{"v":0,"d":"0.00"},{"v":0,"d":"0.00"}]
["a","混凝土（C20片石混凝土）","m3",{"v":350,"d":"350.00"},{"v":70,"d":"70.00"},{"$f":"E26*D26","v":{"v":24500,"d":"24500.00"}},null,{"v":350,"d":"350.00"},{"v":24500,"d":"24500.00"},"含所需的片石（碎石）、中砂、水泥材料或商品混凝土、运输、储存；墙体模板、脚手架搭设；墙体浇筑、振捣、墙背回填、抹面、勾缝、养生、墙面修饰等一切人、材、机费用"]
["b","C20现浇混凝土挡土墙","m3",{"v":360,"d":"360.00"},null,0,null,{"v":360,"d":"360.00"},{"v":0,"d":"0.00"},"含所需的碎石、中砂、水泥材料或商品混凝土、运输、储存；墙体模板、脚手架搭设；墙体浇筑、振捣、墙背回填、抹面、勾缝、养生、墙面修饰等一切人、材、机费用"]
["c","C20片石混凝土","m3",{"v":140,"d":"140.00"},null,0,null,{"v":140,"d":"140.00"},{"v":0,"d":"0.00"},"除混凝土外，含所需混凝土挡墙基坑开挖、墙体模板、脚手架搭设；墙体浇筑、振捣、墙背回填、抹面、勾缝、养生、墙面修饰等一切人、机费用"]
["304","水泥稳定土底基层、基层",null,null,0,null,null,{"v":0,"d":"0.00"},{"v":0,"d":"0.00"}]
["304-1","水泥稳定土基层",null,null,0,null,null,{"v":0,"d":"0.00"},{"v":0,"d":"0.00"}]
["a","厚150mm","m3",{"v":150,"d":"150.00"},null,{"$f":"E31*D31","v":0},null,{"v":150,"d":"150.00"},{"v":0,"d":"0.00"},"含设置安全区域，原破损路面挖除，废料运输、清扫；含水稳混合料、拌合、装运；清理下承层，铺筑、碾压、整形等一切人、材、机费用"]
["b","厚200mm","m3",{"v":150,"d":"150.00"},null,0,null,{"v":150,"d":"150.00"},{"v":0,"d":"0.00"}]
["306","级配碎（砾）石底基层、基层",{"$nulls":5},{"v":0,"d":"0.00"},{"v":0,"d":"0.00"}]
["306-1","级配碎石基层",null,null,0,null,null,{"v":0,"d":"0.00"},{"v":0,"d":"0.00"}]
["-a","厚150mm","m2",{"v":15,"d":"15.00"},{"v":242,"d":"242.00"},{"v":3630,"d":"3630.00"},null,{"v":15,"d":"15.00"},{"v":3630,"d":"3630.00"},"含设置安全区域；原破损路面挖除，废料运输、清扫；含材料、运输，清理下承层，混合料摊铺、洒水、碾压、养生等一切人、材、机费用"]
["308","透层和黏层",null,null,0,null,null,{"v":0,"d":"0.00"},{"v":0,"d":"0.00"}]
[-1,"透层","m2",{"v":1,"d":"1.00"},null,{"$f":"E37*D37","v":0},null,{"v":1,"d":"1.00"},{"v":0,"d":"0.00"},"含设置安全区域，材料、运输、装卸、储存，淸理下承层、铺筑材料拌和、运输、洒布油、边角缺料补洒等一切人、材、机费用"]
[-2,"黏层","m2",{"v":1,"d":"1.00"},null,0,null,{"v":1,"d":"1.00"},{"v":0,"d":"0.00"}]
["309","热拌沥青混合料面层",null,null,0,null,null,{"v":0,"d":"0.00"},{"v":0,"d":"0.00"}]
["309-2","细粒式沥青混凝土",null,null,0,null,null,{"v":0,"d":"0.00"},{"v":0,"d":"0.00"}]
["-a","厚50mm沥青混凝土面层（细粒式）","m2",{"v":70,"d":"70.00"},null,0,null,{"v":70,"d":"70.00"},{"v":0,"d":"0.00"},"含设置安全区域，沥青混合材料、拌合、装运；旧沥青路面的切割或挖除、废料的运输，清理下承层；铺筑、碾压、整形等一切人、材、机费用"]
["d","厚50mm沥青混凝土面层（细粒式）","m2",{"v":4.5,"d":"4.50"},null,0,null,{"v":4.5,"d":"4.50"},{"v":0,"d":"0.00"},"含设置安全区域，旧沥青路面的切割或挖除、废料的运输，清理下承层；粘层、透层撒布；沥青铺筑、碾压、整形等；除沥青混合料材料外一切费用"]
["309-3","沥青路面常规病害处治",null,null,0,null,null,{"v":0,"d":"0.00"},{"v":0,"d":"0.00"}]
["a","沥青路面改性沥青灌缝（裂缝宽度5mm以下，含5mm)","m",{"v":6,"d":"6.00"},null,{"$f":"E44*D44","v":0},null,{"v":6,"d":"6.00"},{"v":0,"d":"0.00"},"含设置安全区域，沥青材料；缝内杂物清理，填缝料的制备与灌入；场地清理等一切人、材、机费用"]
["b","沥青路面改性沥青灌缝（裂缝宽度5mm以上）","m",{"v":8,"d":"8.00"},null,0,null,{"v":8,"d":"8.00"},{"v":0,"d":"0.00"}]
["312","水泥混凝土面板",null,null,0,null,null,{"v":0,"d":"0.00"},{"v":0,"d":"0.00"}]
["312-1","水泥混凝土面板",null,null,0,null,null,{"v":0,"d":"0.00"},{"v":0,"d":"0.00"}]
["-a","C30混凝土路面厚18cm","m2",{"v":70,"d":"70.00"},{"v":3630,"d":"3630.00"},{"v":254100,"d":"254100.00"},null,{"v":70,"d":"70.00"},{"v":254100,"d":"254100.00"},"含设置安全区域；含材料、运输，清理下承层，混合料铺筑、碾压、振捣、养生等一切人、材、机费用"]
["-b","C30混凝土路面厚15cm","m2",{"v":61,"d":"61.00"},null,0,null,{"v":61,"d":"61.00"},{"v":0,"d":"0.00"}]
["-c","C30混凝土路面厚10cm","m2",{"v":50,"d":"50.00"},null,0,null,{"v":50,"d":"50.00"},{"v":0,"d":"0.00"}]
["312-2","旧水泥路面处理",null,null,0,null,null,{"v":0,"d":"0.00"},{"v":0,"d":"0.00"}]
["a","水泥路面裂缝处理（石油沥青裂缝灌缝）","m",{"v":6,"d":"6.00"},null,{"$f":"E52*D52","v":0},null,{"v":6,"d":"6.00"},{"v":0,"d":"0.00"},"含设置安全区域，沥青材料；缝内杂物清理，填缝料的制备与灌入；场地清理等一切人、材、机费用"]
["b","水泥路面裂缝处理（聚氨酯沥青裂缝灌缝）","m",{"v":8,"d":"8.00"},null,0,null,{"v":8,"d":"8.00"},{"v":0,"d":"0.00"}]
["-d","混凝土路面挖除（100m3以内）","m3",{"v":35,"d":"35.00"},{"v":24.2,"d":"24.20"},{"v":847,"d":"847.00"},null,{"v":35,"d":"35.00"},{"v":847,"d":"847.00"},"含人工费，机械费；包含工序：挖除混凝土，制定废弃，含1Km运距"]
["-e","混凝土路面挖除（100m3-500以内）","m3",{"v":25,"d":"25.00"},null,0,null,{"v":25,"d":"25.00"},{"v":0,"d":"0.00"}]
["-f","混凝土路面挖除（500m3-1000以内）","m3",{"v":20,"d":"20.00"},null,0,null,{"v":20,"d":"20.00"},{"v":0,"d":"0.00"}]
["-g","混凝土路面挖除（1000m3以上）","m3",{"v":18,"d":"18.00"},null,0,null,{"v":18,"d":"18.00"},{"v":0,"d":"0.00"}]
["-h","沥青混凝土路面修补(灌环氧沥青缝裂缝宽度5mm以内）","m",{"v":6,"d":"6.00"},null,0,null,{"v":6,"d":"6.00"},{"v":0,"d":"0.00"},"含设置安全区域，沥青材料；缝内杂物清理，填缝料的制备与灌入；场地清理等一切人、材、机费用"]
["-i","沥青混凝土路面修补(环氧沥青灌缝,裂缝宽度5mm以上）","m",{"v":8,"d":"8.00"},null,0,null,{"v":8,"d":"8.00"},{"v":0,"d":"0.00"},"含设置安全区域，沥青材料；缝内杂物清理，填缝料的制备与灌入；场地清理等一切人、材、机费用"]
[null,"水泥混凝土路面（碎石化）","m2",{"v":2,"d":"2.00"},{"v":363,"d":"363.00"},{"v":726,"d":"726.00"},null,{"v":2,"d":"2.00"},{"v":726,"d":"726.00"},"含设置安全区域；原破损路面挖除，废料运输、清扫等人、材、机一切费用"]
["313","路肩培土、中央分隔带回填土、土路肩加固及路缘石",null,null,0,null,null,{"v":0,"d":"0.00"},{"v":0,"d":"0.00"}]
[-3,"现浇混凝土加固土路肩","m3",{"v":390,"d":"390.00"},6.05,{"$f":"E62*D62","v":{"v":2359.5,"d":"2359.50"}},null,{"v":390,"d":"390.00"},{"v":2359.5,"d":"2359.50"},"含设置安全区域，原材料、运输、装卸、储存，模板制作、安拆，混凝土拌和、运输、浇筑、振捣、洒水养生等一切人、材、机费用"]
[-6,"M7.5浆砌片石路肩","m3",{"v":300,"d":"300.00"},{"v":12.1,"d":"12.10"},{"v":3630,"d":"3630.00"},null,{"v":300,"d":"300.00"},{"v":3630,"d":"3630.00"},"含设置安全区域，原材料、运输、装卸、储存，拌运水泥砂浆、砌筑、勾缝、抹面、养生、等一切人、材、机费用"]
[-7,"路肩抹面","元/m",{"v":10,"d":"10.00"},{"v":121,"d":"121.00"},{"v":1210,"d":"1210.00"},null,{"v":10,"d":"10.00"},{"v":1210,"d":"1210.00"},"含设置安全区域，原材料、运输、装卸、储存，拌运水泥砂浆、抹面、养生、等一切人、材、机费用"]
["415","桥面铺装",null,null,0,null,null,{"v":0,"d":"0.00"},{"v":0,"d":"0.00"}]
[-1,"沥青混凝土桥面铺装后5cm","m2",{"v":70,"d":"70.00"},null,{"$f":"E66*D66","v":0},null,{"v":70,"d":"70.00"},{"v":0,"d":"0.00"},"含设置安全区域；原破损路面挖除，废料运输、清扫；含材料、运输，清理下承层，沥青料摊铺、洒水、碾压、养生等一切人、材、机费用"]
[-2,"水泥混凝土桥面铺装","m2",{"v":61,"d":"61.00"},null,0,null,{"v":61,"d":"61.00"},{"v":0,"d":"0.00"},"含设置安全区域，原材料、运输、装卸、储存，原破损面挖除，钢筋加工及安装，混凝土拌和、运输、浇筑、振捣、抹平，压（刻）纹、养护，切缝、灌缝，养生等一切人、材、机费用"]
["415-1","桥面排水",null,null,0,null,null,{"$f":"TRUNC(D68*(1-$G$3/100),2)","v":{"v":0,"d":"0.00"}},{"$f":"H68*E68","v":{"v":0,"d":"0.00"}}]
["a","竖、横向集中排水管",null,null,0,null,null,{"v":0,"d":"0.00"},{"v":0,"d":"0.00"}]
[-1,"PVC管","m",{"v":45,"d":"45.00"},null,0,null,{"v":45,"d":"45.00"},{"v":0,"d":"0.00"},"含设置安全区域，原材料、运输、搬运、储存，拆除破损泄水管、排水管，淸理现场，安装泄水管、排水管等一切人、材、机费用"]
[419,"单孔钢筋混凝土圆管涵",null,null,0,null,null,{"v":0,"d":"0.00"},{"v":0,"d":"0.00"}]
[-1,"基础垫层填砂砾","m3",{"v":35,"d":"35.00"},{"v":24.2,"d":"24.20"},{"$f":"E72*D72","v":{"v":847,"d":"847.00"}},null,{"v":35,"d":"35.00"},{"v":847,"d":"847.00"},"含设置安全区域，原材料、装卸、运输、搬运、储存，模板材料、运输、加工、安装，基础、台身砌筑或浇筑，钢筋制作、安装，混凝土材料、运输、浇筑、振捣、洒水、养生等一切人、材机费用"]
[-2,"人工开挖基础土方（运输1km）","m3",{"v":12,"d":"12.00"},{"v":36.3,"d":"36.30"},{"v":435.6,"d":"435.60"},null,{"v":12,"d":"12.00"},{"v":435.6,"d":"435.60"},"含设置安全区域，挖除、装卸、运送、空回等一切人、材、机费用"]
[-3,"涵洞圬工砌体（浆砌片石）","m3",{"v":310,"d":"310.00"},{"v":12.1,"d":"12.10"},{"v":3751,"d":"3751.00"},null,{"v":310,"d":"310.00"},{"v":3751,"d":"3751.00"},"含设置安全区域，原材料、装卸、运输、搬运、储存，模板材料、运输、加工、安装，基础、台身砌筑或浇筑，钢筋制作、安装，混凝土材料、运输、浇筑、振捣、洒水、养生等一切人、材机费用"]
[-4,"防水层","m2",{"v":15,"d":"15.00"},18.15,272.25,null,{"v":15,"d":"15.00"},272.25,"含设置安全区域，原材料、清理、人工等一切人、材机费用"]
[-5,"人工安装管涵（管径0.3m以内）","m",{"v":150,"d":"150.00"},{"v":12.1,"d":"12.10"},{"v":1815,"d":"1815.00"},null,{"v":150,"d":"150.00"},{"v":1815,"d":"1815.00"},"含设置安全区域，原材料、装卸、运输、搬运、储存，模板材料、运输、加工、安装，基础、台身砌筑或浇筑，钢筋制作、安装，混凝土材料、运输、浇筑、振捣、洒水、养生等一切人、材机费用"]
[-6,"人工安装管涵（管径0.5m以内）","m",{"v":220,"d":"220.00"},6.05,{"v":1331,"d":"1331.00"},null,{"v":220,"d":"220.00"},{"v":1331,"d":"1331.00"},"含设置安全区域，原材料、装卸、运输、搬运、储存，模板材料、运输、加工、安装，基础、台身砌筑或浇筑，钢筋制作、安装，混凝土材料、运输、浇筑、振捣、洒水、养生等一切人、材机费用"]
[-7,"人工安装管涵（管径0.75m以内）","m",{"v":280,"d":"280.00"},7.26,{"v":2032.8,"d":"2032.80"},null,{"v":280,"d":"280.00"},{"v":2032.8,"d":"2032.80"},"含设置安全区域，原材料、装卸、运输、搬运、储存，模板材料、运输、加工、安装，基础、台身砌筑或浇筑，钢筋制作、安装，混凝土材料、运输、浇筑、振捣、洒水、养生等一切人、材机费用"]
[-8,"人工安装管涵（管径1.0m以内）","m",{"v":320,"d":"320.00"},{"v":12.1,"d":"12.10"},{"v":3872,"d":"3872.00"},null,{"v":320,"d":"320.00"},{"v":3872,"d":"3872.00"},"含设置安全区域，原材料、装卸、运输、搬运、储存，模板材料、运输、加工、安装，基础、台身砌筑或浇筑，钢筋制作、安装，混凝土材料、运输、浇筑、振捣、洒水、养生等一切人、材机费用"]
["420","盖板涵、箱涵",null,null,0,null,null,{"v":0,"d":"0.00"},{"v":0,"d":"0.00"}]
["420-1","钢筋混凝土盖板涵",null,null,0,null,null,{"v":0,"d":"0.00"},{"v":0,"d":"0.00"}]
[-1,"人工开挖基础土方（运输1km）","m3",{"v":12,"d":"12.00"},{"v":15.246,"d":"15.25"},{"$f":"E82*D82","v":{"v":182.952,"d":"182.95"}},null,{"v":12,"d":"12.00"},{"v":182.952,"d":"182.95"},"含设置安全区域，挖除、装卸、清理、运送、空回等一切人、材、机费用"]
[-2,"涵洞圬工砌体（浆砌片石）","m3",{"v":310,"d":"310.00"},{"v":6.8486,"d":"6.85"},{"v":2123.066,"d":"2123.07"},null,{"v":310,"d":"310.00"},{"v":2123.066,"d":"2123.07"},"含设置安全区域，坑槽开挖，原材料、运输、储存，砂浆拌和、搬运，砌筑、勾缝、抹面、养生等一切人材机费用"]
[-3,"C20片石混凝土台身","m3",{"v":310,"d":"310.00"},{"v":26.7652,"d":"26.77"},{"v":8297.212,"d":"8297.21"},null,{"v":310,"d":"310.00"},{"v":8297.212,"d":"8297.21"},"含设置安全区域，坑槽开挖，原材料、运输、储存，混凝土拌和、搬运，砌筑、勾缝、抹面、养生等一切人材机费用"]
[-4,"C30混凝土盖板","m3",{"v":350,"d":"350.00"},{"v":8.2643,"d":"8.26"},{"v":2892.505,"d":"2892.51"},null,{"v":350,"d":"350.00"},{"v":2892.505,"d":"2892.51"},"含设置安全区域，原材料、运输、储存，混凝土拌和、搬运，砌筑、勾缝、抹面、养生等一切人材机费用"]
[-5,"盖板涵钢筋","t",{"v":2000,"d":"2000.00"},{"v":0.605,"d":"0.61"},{"v":1210,"d":"1210.00"},null,{"v":2000,"d":"2000.00"},{"v":1210,"d":"1210.00"},"含设置安全区域，材料、装车、移运、卸料、制作、焊接等人工、机械一切费用"]
[-6,"钢筋加工","t",{"v":1000,"d":"1000.00"},{"v":0.605,"d":"0.61"},{"v":605,"d":"605.00"},null,{"v":1000,"d":"1000.00"},{"v":605,"d":"605.00"},"不含钢筋材料外，含设置安全区域，移运、卸料、制作、焊接、清理等人工、机械一切费用"]
[-7,"涵背回填砂砾","m3",{"v":5,"d":"5.00"},{"v":13.7214,"d":"13.72"},{"v":68.607,"d":"68.61"},null,{"v":5,"d":"5.00"},{"v":68.607,"d":"68.61"},"含设置安全区域，原材料、装卸、运输、搬运、储存，模板材料、运输、加工、安装，基础、台身砌筑或浇筑，钢筋制作、安装，混凝土材料、运输、浇筑、振捣、洒水、养生等一切人、材机费用"]
[-8,"防水层","m2",{"v":3,"d":"3.00"},{"v":18.634,"d":"18.63"},{"v":55.902,"d":"55.90"},null,{"v":3,"d":"3.00"},{"v":55.902,"d":"55.90"},"含设置安全区域，原材料、清理、人工等一切人、材机费用"]
[-9,"沉降缝","m2",{"v":6,"d":"6.00"},2.42,14.52,null,{"v":6,"d":"6.00"},14.52,"含设置安全区域，原材料、清理、人工等一切人、材机费用"]
["a","涵洞清淤（含运距3公里）","m3",{"v":65,"d":"65.00"},null,0,null,{"v":65,"d":"65.00"},{"v":0,"d":"0.00"},"含设置安全区域，挖除、装卸、运送、空回等一切人、材、机费用"]
["b","新建钢筋混凝土盖板涵1.5*1.5m","m",{"v":3800,"d":"3800.00"},null,0,null,{"v":3800,"d":"3800.00"},{"v":0,"d":"0.00"},"含设置安全区域，原材料、装卸、运输、搬运、储存，模板材料、运输、加工、安装，基础、台身砌筑或浇筑，钢筋制作、安装，混凝土材料、运输、浇筑、振捣、洒水、养生等一切人、材机费用"]
["c","新建钢筋混凝土盖板涵2.0*2.0m","m",{"v":4800,"d":"4800.00"},null,0,null,{"v":4800,"d":"4800.00"},{"v":0,"d":"0.00"},"含设置安全区域，原材料、装卸、运输、搬运、储存，模板材料、运输、加工、安装，基础、台身砌筑或浇筑，钢筋制作、安装，混凝土材料、运输、浇筑、振捣、洒水、养生等一切人、材机费用"]
["d","新建钢筋混凝土盖板涵3.0*3.0m","m",{"v":5800,"d":"5800.00"},null,0,null,{"v":5800,"d":"5800.00"},{"v":0,"d":"0.00"},"含设置安全区域，原材料、装卸、运输、搬运、储存，模板材料、运输、加工、安装，基础、台身砌筑或浇筑，钢筋制作、安装，混凝土材料、运输、浇筑、振捣、洒水、养生等一切人、材机费用"]
["e","新建钢筋混凝土盖板涵4.0*4.0m","m",{"v":7800,"d":"7800.00"},null,0,null,{"v":7800,"d":"7800.00"},{"v":0,"d":"0.00"},"含设置安全区域，原材料、装卸、运输、搬运、储存，模板材料、运输、加工、安装，基础、台身砌筑或浇筑，钢筋制作、安装，混凝土材料、运输、浇筑、振捣、洒水、养生等一切人、材机费用"]
["420-2","新建钢筋混凝土圆管涵",null,null,0,null,null,{"v":0,"d":"0.00"},{"v":0,"d":"0.00"}]
["a","新建钢筋混凝土圆管涵直径50厘米","m",{"v":240,"d":"240.00"},{"v":12.1,"d":"12.10"},{"$f":"E97*D97","v":{"v":2904,"d":"2904.00"}},null,{"v":240,"d":"240.00"},{"v":2904,"d":"2904.00"},"含设置安全区域，原材料、装卸、运输、搬运、储存，坑槽开挖，圆管安装、接头处理，回填，路面修复等一切人、材、机费用"]
["b","新建钢筋混凝土圆管涵直径60厘米","m",{"v":260,"d":"260.00"},6.05,{"v":1573,"d":"1573.00"},null,{"v":260,"d":"260.00"},{"v":1573,"d":"1573.00"},"含设置安全区域，原材料、装卸、运输、搬运、储存，坑槽开挖，圆管安装、接头处理，回填，路面修复等一切人、材、机费用"]
["c","新建钢筋混凝土圆管涵直径75厘米","m",{"v":300,"d":"300.00"},7.26,{"v":2178,"d":"2178.00"},null,{"v":300,"d":"300.00"},{"v":2178,"d":"2178.00"},"含设置安全区域，原材料、装卸、运输、搬运、储存，坑槽开挖，圆管安装、接头处理，回填，路面修复等一切人、材、机费用"]
["d","新建钢筋混凝土圆管涵直径100厘米","m",{"v":450,"d":"450.00"},{"v":12.1,"d":"12.10"},{"v":5445,"d":"5445.00"},null,{"v":450,"d":"450.00"},{"v":5445,"d":"5445.00"},"含设置安全区域，原材料、装卸、运输、搬运、储存，坑槽开挖，圆管安装、接头处理，回填，路面修复等一切人、材、机费用"]
[421,"波纹管涵",null,null,0,null,null,{"v":0,"d":"0.00"},{"v":0,"d":"0.00"}]
["a","人工开挖基础土方（运输1km）","m3",{"v":12,"d":"12.00"},{"v":12.1,"d":"12.10"},{"$f":"E102*D102","v":{"v":145.2,"d":"145.20"}},null,{"v":12,"d":"12.00"},{"v":145.2,"d":"145.20"},"含设置安全区域，挖除、装卸、运送、空回等一切人、材、机费用"]
["b","基础垫层填砂砾","m3",{"v":20,"d":"20.00"},{"v":3.025,"d":"3.03"},{"v":60.5,"d":"60.50"},null,{"v":20,"d":"20.00"},{"v":60.5,"d":"60.50"},"含设置安全区域，原材料、装卸、运输、搬运、储存，模板材料、运输、加工、安装，基础、台身砌筑或浇筑，钢筋制作、安装，混凝土材料、运输、浇筑、振捣、洒水、养生等一切人、材机费用"]
["c","涵背回填砂砾","m3",{"v":3,"d":"3.00"},{"v":6.776,"d":"6.78"},{"v":20.328,"d":"20.33"},null,{"v":3,"d":"3.00"},{"v":20.328,"d":"20.33"},"含设置安全区域，原材料、装卸、运输、搬运、储存，模板材料、运输、加工、安装，基础、台身砌筑或浇筑，钢筋制作、安装，混凝土材料、运输、浇筑、振捣、洒水、养生等一切人、材机费用"]
["d","安装双壁波纹管(φ1000mm以内)","m",{"v":1000,"d":"1000.00"},3.63,{"v":3630,"d":"3630.00"},null,{"v":1000,"d":"1000.00"},{"v":3630,"d":"3630.00"},"含设置安全区域，原材料、运输、搬运、拼接、安装，压实洒水、养生等一切人、材机费用"]
["422","桥梁、涵洞其他工程",null,null,0,null,null,{"v":0,"d":"0.00"},{"v":0,"d":"0.00"}]
[-1,"桥梁栏杆（钢筋混凝土护栏）修复","m",{"v":700,"d":"700.00"},0,{"$f":"E107*D107","v":0},null,{"v":700,"d":"700.00"},{"v":0,"d":"0.00"},"含设置安全区域，原材料、装卸、运输、搬运、储存、加工、安装，破损护栏拆除，模板材料、运输、安装、拆卸，混凝土材料、运输、浇筑、振捣、洒水养生等一切人、材、机费用"]
[-2,"桥梁栏杆（钢护栏）修复","m",{"v":430,"d":"430.00"},0,0,null,{"v":430,"d":"430.00"},{"v":0,"d":"0.00"},"含设置安全区域，原材料、装卸、运输、搬运、储存、加工安装、切割、焊接、除锈、油漆等一切人、材、机费用"]
[423,"桥梁加固",null,null,0,null,null,{"v":0,"d":"0.00"},{"v":0,"d":"0.00"}]
[-1,"混凝土表面处理(人工凿毛）","m2",{"v":2,"d":"2.00"},null,0,null,{"v":2,"d":"2.00"},{"v":0,"d":"0.00"},"含设置安全区域，凿除、装卸、运输、清理、等一切人、材、机费用"]
[-2,"混凝土裂缝处理(自动低压渗注法)","m",{"v":10,"d":"10.00"},null,0,null,{"v":10,"d":"10.00"},{"v":0,"d":"0.00"},"含设置安全区域，裂缝清理、浆液拌制、注浆、原材料、运输、清理、等一切人、材、机费用"]
[-3,"普通混凝土现浇修补空洞(C50)","m3",{"v":310,"d":"310.00"},null,0,null,{"v":310,"d":"310.00"},{"v":0,"d":"0.00"},"含设置安全区域，裂缝和空洞清理、搭设架子、原材料、拌合、浆液拌制、注浆、浇筑、抹面、清理、等一切人、材、机费用"]
[-4,"钻孔植筋(钢筋（螺栓）直径12mm,钻孔深度12cm)","根",{"v":8,"d":"8.00"},null,0,null,{"v":8,"d":"8.00"},{"v":0,"d":"0.00"},"含设置安全区域，钻孔、搭设架子、成孔、清理、原材料、拌合、钢筋制作、浆液拌制、注浆、浇筑、抹面、清理、等一切人、材、机费用"]
[-5,"钻孔植筋(钢筋（螺栓）直径16mm,钻孔深度16cm)","根",{"v":8,"d":"8.00"},null,0,null,{"v":8,"d":"8.00"},{"v":0,"d":"0.00"},"含设置安全区域，钻孔、搭设架子、成孔、清理、原材料、拌合、钢筋制作、浆液拌制、注浆、浇筑、抹面、清理、等一切人、材、机费用"]
[-6,"钢筋阻锈剂","m2",{"v":10,"d":"10.00"},null,0,null,{"v":10,"d":"10.00"},{"v":0,"d":"0.00"},"含设置安全区域，材料购买、喷绘、清理、等一切人、材、机费用"]
["602","护栏",null,null,0,null,null,{"v":0,"d":"0.00"},{"v":0,"d":"0.00"}]
["602-1","混凝土护栏（护墙、立柱）",null,null,0,null,null,{"v":0,"d":"0.00"},{"v":0,"d":"0.00"}]
[-1,"新建现浇混凝土护栏（C30）","m3",{"v":700,"d":"700.00"},null,{"$f":"E118*D118","v":0},null,{"v":700,"d":"700.00"},{"v":0,"d":"0.00"},"含设置安全区域，原材料、装卸、运输、搬运、储存、加工、安装，破损护栏拆除，模板材料、运输、安装、拆卸，混凝土材料、运输、浇筑、振捣、洒水养生等一切人、材、机费用"]
[-2,"新建混凝土护栏钢筋","t",{"v":3600,"d":"3600.00"},null,0,null,{"v":3600,"d":"3600.00"},{"v":0,"d":"0.00"},"含设置安全区域，材料、装车、移运、卸料、制作、焊接等人工、机械一切费用"]
[-3,"修复混凝土护栏","m",{"v":700,"d":"700.00"},null,0,null,{"v":700,"d":"700.00"},{"v":0,"d":"0.00"},"含设置安全区域，原材料、装卸、运输、搬运、储存、加工、安装，破损护栏拆除，模板材料、运输、安装、拆卸，混凝土材料、运输、浇筑、振捣、洒水养生等一切人、材、机费用"]
[-4,"修复混凝土护栏钢筋","t",{"v":3600,"d":"3600.00"},null,0,null,{"v":3600,"d":"3600.00"},{"v":0,"d":"0.00"},"含设置安全区域，材料、装车、移运、卸料、制作、焊接等人工、机械一切费用"]
[-5,"拆除钢筋混凝土墙式护栏","m3",{"v":50,"d":"50.00"},null,0,null,{"v":50,"d":"50.00"},{"v":0,"d":"0.00"},"含设置安全区域，拆除、装车、移运、清理、等人工、机械一切费用"]
[-6,"混凝土护栏刷反光漆","m2",{"v":15,"d":"15.00"},null,0,null,{"v":15,"d":"15.00"},{"v":0,"d":"0.00"},"含设置安全区域，原材料、刷漆、移运、清理、等人工、机械一切费用"]
["602-2","波形梁钢护栏",null,null,0,null,null,{"v":0,"d":"0.00"},{"v":0,"d":"0.00"}]
[-1,"新建波形梁护栏标准段（Gr-B-2E）","m",{"v":190,"d":"190.00"},null,{"$f":"E125*D125","v":0},null,{"v":190,"d":"190.00"},{"v":0,"d":"0.00"},"含护栏材料，含设置安全区域，含安装、锚固、场地清理等一切人、材、机费用"]
[-2,"利用板换立柱（立柱按长度计）","根",{"v":120,"d":"120.00"},{"v":36.3,"d":"36.30"},{"v":4356,"d":"4356.00"},null,{"v":120,"d":"120.00"},{"v":4356,"d":"4356.00"},"含立柱材料，含设置安全区域，含钻孔、注浆、安装等一切人、材、机费用"]
[-3,"利用柱换板（双波4米间距、板厚2.5mm）","m",{"v":50,"d":"50.00"},{"v":242,"d":"242.00"},{"v":12100,"d":"12100.00"},null,{"v":50,"d":"50.00"},{"v":12100,"d":"12100.00"},"含护栏材料，含设置安全区域，含钻孔、注浆、安装等一切人、材、机费用"]
[-4,"利用柱换板（双波4米间距、板厚3.0mm）","m",{"v":50,"d":"50.00"},{"v":60.5,"d":"60.50"},{"v":3025,"d":"3025.00"},null,{"v":50,"d":"50.00"},{"v":3025,"d":"3025.00"},"含护栏材料，含设置安全区域，含钻孔、注浆、安装等一切人、材、机费用"]
[-5,"护栏加高利用（Gr-C-4E）","m",{"v":80,"d":"80.00"},{"v":242,"d":"242.00"},{"v":19360,"d":"19360.00"},null,{"v":80,"d":"80.00"},{"v":19360,"d":"19360.00"},"含护栏材料，含设置安全区域，含钻孔、注浆、安装等一切人、材、机费用"]
[-6,"利用立柱换板","m",{"v":20,"d":"20.00"},{"v":60.5,"d":"60.50"},{"v":1210,"d":"1210.00"},null,{"v":20,"d":"20.00"},{"v":1210,"d":"1210.00"},"除护栏材料外，含设置安全区域，含安装、锚固、场地清理等一切人、材、机费用"]
["c","新建路侧波形梁护栏Gr-C-2E）","m",{"v":175,"d":"175.00"},null,0,null,{"v":175,"d":"175.00"},{"v":0,"d":"0.00"},"含护栏材料，含设置安全区域，含安装、锚固、场地清理等一切人、材、机费用"]
["d","新建路侧波形梁护栏Gr-C-4E）","m",{"v":170,"d":"170.00"},{"v":605,"d":"605.00"},{"v":102850,"d":"102850.00"},null,{"$f":"TRUNC(D132*(1-$G$3/100),2)","v":{"v":170,"d":"170.00"}},{"$f":"H132*E132","v":{"v":102850,"d":"102850.00"}},"含护栏材料，含设置安全区域，含安装、锚固、场地清理等一切人、材、机费用"]
["e","新建路侧波形梁护栏安装（累计安装长度<1Km）","m",{"v":28,"d":"28.00"},null,0,null,{"v":28,"d":"28.00"},{"v":0,"d":"0.00"},"除护栏材料外，含设置安全区域，含钻孔、注浆、安装，含护栏安装、锚固、场地清理等一切人、材、机费用"]
["f","新建路侧波形梁护栏安装（累计安装长度≥1Km）","m",{"v":24,"d":"24.00"},null,0,null,{"v":24,"d":"24.00"},{"v":0,"d":"0.00"},"除护栏材料外，含设置安全区域，含安装、锚固、场地清理等一切人、材、机费用"]
["g","波形梁钢护栏端头","个",{"v":20,"d":"20.00"},{"v":70,"d":"70.00"},{"v":1400,"d":"1400.00"},null,{"v":20,"d":"20.00"},{"v":1400,"d":"1400.00"},"除材料外，含设置安全区域，含安装、锚固、场地清理等一切人、材、机费用"]
["h","波形梁钢护栏端头","个",{"v":100,"d":"100.00"},{"v":70,"d":"70.00"},{"v":7000,"d":"7000.00"},null,{"v":100,"d":"100.00"},{"v":7000,"d":"7000.00"},"含材料，含设置安全区域，含安装、锚固、场地清理等一切人、材、机费用"]
["i","波形梁钢护栏清洗","元/m",{"v":0.7,"d":"0.70"},null,0,null,{"v":0.7,"d":"0.70"},{"v":0,"d":"0.00"},"含设置安全区域，清洗机械，驾驶员工资、燃油、修理、保养等一切人、材、机费用"]
["602-3","缆索护栏",null,null,0,null,null,{"v":0,"d":"0.00"},{"v":0,"d":"0.00"}]
["a","路侧缆索护栏（3根钢绳）","m",{"v":155,"d":"155.00"},0,{"$f":"E139*D139","v":0},null,{"v":155,"d":"155.00"},{"v":0,"d":"0.00"},"含设置安全区域，原材料、运输、装卸、储存、二次转运，护栏立柱基坑开挖，基础施工，缆索安装、锚固、场地清理等一切人、材、机费用"]
["b","路侧缆索护栏（4根钢绳）","m",{"v":163,"d":"163.00"},0,0,null,{"v":163,"d":"163.00"},{"v":0,"d":"0.00"}]
["c","路侧缆索护栏（5根钢绳）","m",{"v":170,"d":"170.00"},0,0,null,{"v":170,"d":"170.00"},{"v":0,"d":"0.00"}]
["d","防撞墩刷漆","m2",{"v":25,"d":"25.00"},0,0,null,{"v":25,"d":"25.00"},{"v":0,"d":"0.00"},"含设置安全区域，原材料、运输、储存、二次转运，防撞墩清理，油漆涂刷等一切人、材、机费用"]
["604","道路交通标志",null,null,0,null,null,{"v":0,"d":"0.00"},{"v":0,"d":"0.00"}]
["604-1","单柱式交通标志",null,null,0,null,null,{"v":0,"d":"0.00"},{"v":0,"d":"0.00"}]
["a","单柱式交通标志（△70）","块",{"v":300,"d":"300.00"},{"v":6,"d":"6.00"},{"$f":"E145*D145","v":{"v":1800,"d":"1800.00"}},null,{"v":300,"d":"300.00"},{"v":1800,"d":"1800.00"},"除标志牌材料外，含基础材料、运输、储存、加工、浇筑、振捣、基础基坑开挖，标志牌安装、锚固、场地清理等一切人、材、机费用"]
["b","单柱式交通标志（○60）","块",{"v":300,"d":"300.00"},{"v":6,"d":"6.00"},{"v":1800,"d":"1800.00"},null,{"v":300,"d":"300.00"},{"v":1800,"d":"1800.00"}]
["c","□140*100","块",{"v":300,"d":"300.00"},{"v":2,"d":"2.00"},{"v":600,"d":"600.00"},null,{"v":300,"d":"300.00"},{"v":600,"d":"600.00"},"除标志牌材料外，含基础材料、运输、储存、加工、浇筑、振捣、基础基坑开挖，标志牌安装、锚固、场地清理等一切人、材、机费用"]
["d","□60（警示标志）","块",{"v":300,"d":"300.00"},{"v":2,"d":"2.00"},{"v":600,"d":"600.00"},null,{"v":300,"d":"300.00"},{"v":600,"d":"600.00"}]
["e","□180×120","块",{"v":300,"d":"300.00"},{"v":1,"d":"1.00"},{"v":300,"d":"300.00"},null,{"v":300,"d":"300.00"},{"v":300,"d":"300.00"},"除标志牌材料外，含基础材料、运输、储存、加工、浇筑、振捣、基础基坑开挖，标志牌安装、锚固、场地清理等一切人、材、机费用"]
["a-1","单柱式交通标志（△70）","块",{"v":750,"d":"750.00"},{"v":6,"d":"6.00"},{"v":4500,"d":"4500.00"},null,{"v":750,"d":"750.00"},{"v":4500,"d":"4500.00"},"含标志牌材料，基础材料、运输、储存、加工、浇筑、振捣、基础基坑开挖，标志牌安装、锚固、场地清理等一切人、材、机费用"]
["b-1","单柱式交通标志（○60）","块",{"v":580,"d":"580.00"},{"v":6,"d":"6.00"},{"v":3480,"d":"3480.00"},null,{"v":580,"d":"580.00"},{"v":3480,"d":"3480.00"}]
["c-1","□140*100","块",{"v":1000,"d":"1000.00"},{"v":2,"d":"2.00"},{"v":2000,"d":"2000.00"},null,{"v":1000,"d":"1000.00"},{"v":2000,"d":"2000.00"},"含标志牌材料，基础材料、运输、储存、加工、浇筑、振捣、基础基坑开挖，标志牌安装、锚固、场地清理等一切人、材、机费用"]
["d-1","□60（警示标志）","块",{"v":580,"d":"580.00"},{"v":6,"d":"6.00"},{"v":3480,"d":"3480.00"},null,{"v":580,"d":"580.00"},{"v":3480,"d":"3480.00"}]
["e-1","桥梁标志牌（159*87）","块",{"v":1200,"d":"1200.00"},{"v":6,"d":"6.00"},{"v":7200,"d":"7200.00"},null,{"v":1200,"d":"1200.00"},{"v":7200,"d":"7200.00"}]
["604-2","双柱式交通标志",null,null,0,null,null,{"v":0,"d":"0.00"},{"v":0,"d":"0.00"}]
["a","□180*110","块",{"v":1100,"d":"1100.00"},{"v":6,"d":"6.00"},{"$f":"E156*D156","v":{"v":6600,"d":"6600.00"}},null,{"v":1100,"d":"1100.00"},{"v":6600,"d":"6600.00"},"含标志牌材料，基础材料、运输、储存、加工、浇筑、振捣、基础基坑开挖，标志牌安装、锚固、场地清理等一切人、材、机费用"]
["604-5","悬臂式交通标志",null,null,0,null,null,{"v":0,"d":"0.00"},{"v":0,"d":"0.00"}]
["a","单悬臂式交通标志（换板）（□140*120）","块",{"v":650,"d":"650.00"},0,0,null,{"v":650,"d":"650.00"},{"v":0,"d":"0.00"},"含设置安全区域，原材料、装卸、运输、储存、二次转运，基坑开挖、基础浇筑振捣，安装、锚固、场地清理等一切人、材、机费用"]
["b","单悬臂式交通标志（换立柱和板）（□140*120）","套",{"v":1400,"d":"1400.00"},0,0,null,{"v":1400,"d":"1400.00"},{"v":0,"d":"0.00"}]
["604-6","道路反光镜","个",{"v":280,"d":"280.00"},{"v":3,"d":"3.00"},{"v":840,"d":"840.00"},null,{"v":280,"d":"280.00"},{"v":840,"d":"840.00"},"除反光镜材料外，含基础材料、运输、储存、加工、浇筑、振捣、基础基坑开挖，反光镜安装、锚固、场地清理等一切人、材、机费用"]
[-1,"道路反光镜","个",{"v":525,"d":"525.00"},{"v":3,"d":"3.00"},{"v":1575,"d":"1575.00"},null,{"v":525,"d":"525.00"},{"v":1575,"d":"1575.00"},"含反光镜材料，基础材料、运输、储存、加工、浇筑、振捣、基础基坑开挖，反光镜安装、锚固、场地清理等一切人、材、机费用"]
[-2,"里程碑","块",{"v":20,"d":"20.00"},{"v":9,"d":"9.00"},{"v":180,"d":"180.00"},null,{"v":20,"d":"20.00"},{"v":180,"d":"180.00"},"除里程碑材料外，含基础材料、运输、储存、加工、浇筑、振捣、基础基坑开挖，安装、锚固、场地清理等一切人、材、机费用"]
[-3,"平交道口桩","根",{"v":100,"d":"100.00"},{"v":90,"d":"90.00"},{"v":9000,"d":"9000.00"},null,{"v":100,"d":"100.00"},{"v":9000,"d":"9000.00"},"含道口桩材料，含基础材料、运输、储存、加工、浇筑、振捣、基础基坑开挖，安装、锚固、场地清理等一切人、材、机费用"]
[-4,"爆闪灯","台",{"v":20,"d":"20.00"},null,0,null,{"v":20,"d":"20.00"},{"v":0,"d":"0.00"},"除爆闪灯材料外，含基础材料、运输、储存、摆放，安装、锚固、场地清理等一切人、材、机费用"]
[-5,"移动式爆闪灯","台",{"v":20,"d":"20.00"},null,0,null,{"v":20,"d":"20.00"},{"v":0,"d":"0.00"},"除爆闪灯材料外，含基础材料、运输、储存、摆放，安装、锚固、场地清理等一切人、材、机费用"]
[-6,"移动式爆闪灯","台",{"v":220,"d":"220.00"},null,0,null,{"v":220,"d":"220.00"},{"v":0,"d":"0.00"},"含爆闪灯材料，基础材料、运输、储存、摆放，安装、锚固、场地清理等一切人、材、机费用"]
[null,"标志修复",null,null,0,null,null,{"v":0,"d":"0.00"},{"v":0,"d":"0.00"}]
["a","单悬臂式交通标志（换板）","块",{"v":3100,"d":"3100.00"},0,{"$f":"E168*D168","v":0},null,{"v":3100,"d":"3100.00"},{"v":0,"d":"0.00"},"含原材料（标志牌立柱、面板，基础混凝土、钢筋材料）、运输、储存、加工、浇筑、振捣、基础基坑开挖，标志牌安装、锚固、场地清理等一切人、材、机费用。"]
["b","单悬臂式交通标志（换立柱和板）","块",{"v":4900,"d":"4900.00"},0,0,null,{"v":4900,"d":"4900.00"},{"v":0,"d":"0.00"},"含原材料（标志牌立柱、面板，基础混凝土、钢筋材料）、运输、储存、加工、浇筑、振捣、基础基坑开挖，标志牌安装、锚固、场地清理等一切人、材、机费用。"]
["c","招呼站","处",{"v":7000,"d":"7000.00"},0,0,null,{"v":7000,"d":"7000.00"},{"v":0,"d":"0.00"},"含人、材、机等一切费用"]
["605","道路交通标线",null,null,0,null,null,{"v":0,"d":"0.00"},{"v":0,"d":"0.00"}]
["605-1","热熔型涂料路面标线",null,null,0,null,null,{"v":0,"d":"0.00"},{"v":0,"d":"0.00"}]
["a","普通标线","m2",{"v":31,"d":"31.00"},null,{"$f":"E173*D173","v":0},null,{"v":31,"d":"31.00"},{"v":0,"d":"0.00"},"含设置安全区域，路面清扫，涂料拌制、刮涂底油，喷（刮）标线，初期养护等一切人、材、机费用"]
["b","震动标线","m2",{"v":82,"d":"82.00"},null,0,null,{"v":82,"d":"82.00"},{"v":0,"d":"0.00"}]
["605-2","减速带（更换）","m",{"v":130,"d":"130.00"},null,0,null,{"v":130,"d":"130.00"},{"v":0,"d":"0.00"},"含设置安全区域，拆除损坏减速带，定位钻孔、埋置螺栓，安装新减速带，清理现场等一切人、材、机费用"]
["a","橡胶减速带","m",{"v":130,"d":"130.00"},{"v":121,"d":"121.00"},{"v":15730,"d":"15730.00"},null,{"v":130,"d":"130.00"},{"v":15730,"d":"15730.00"},"含设置安全区域，拆除损坏减速带，定位钻孔、埋置螺栓，安装新减速带，清理现场等一切人、材、机费用"]
["b","铸钢减速带","m",{"v":170,"d":"170.00"},{"v":24.2,"d":"24.20"},{"v":4114,"d":"4114.00"},null,{"v":170,"d":"170.00"},{"v":4114,"d":"4114.00"},"含设置安全区域，拆除损坏减速带，定位钻孔、埋置螺栓，安装新减速带，清理现场等一切人、材、机费用"]
["609","旧构造物拆除",null,null,0,null,null,{"v":0,"d":"0.00"},{"v":0,"d":"0.00"}]
[-1,"拆除波形梁护栏立柱（Gr-C-2E）","m",{"v":6,"d":"6.00"},null,{"$f":"E179*D179","v":0},null,{"v":6,"d":"6.00"},{"v":0,"d":"0.00"},"含设置安全区域，标志牌拆除、堆放、运输及小型机具费等一切人、材、机费用"]
[-2,"拆除波形梁护栏栏板（Gr-C-2E）","m",{"v":6,"d":"6.00"},null,0,null,{"v":6,"d":"6.00"},{"v":0,"d":"0.00"},"含设置安全区域，标志牌拆除、堆放、运输及小型机具费等一切人、材、机费用"]
[-3,"拆除波形梁护栏栏板（Gr-C-4E）","m",{"v":6,"d":"6.00"},null,0,null,{"v":6,"d":"6.00"},{"v":0,"d":"0.00"},"含设置安全区域，标志牌拆除、堆放、运输及小型机具费等一切人、材、机费用"]
[-4,"拆除波形梁护栏立柱（Gr-C-4E）","m",{"v":6,"d":"6.00"},null,0,null,{"v":6,"d":"6.00"},{"v":0,"d":"0.00"},"含设置安全区域，标志牌拆除、堆放、运输及小型机具费等一切人、材、机费用"]
[-5,"拆除铝合金标志","块",{"v":20,"d":"20.00"},null,0,null,{"v":20,"d":"20.00"},{"v":0,"d":"0.00"},"含设置安全区域，标志牌拆除、堆放、运输及小型机具费等一切人、材、机费用"]
[-6,"拆除混凝土结构","m3",{"v":58,"d":"58.00"},null,0,null,{"v":58,"d":"58.00"},{"v":0,"d":"0.00"},"含设置安全区域，包含结构物切割'破碎'开挖'装卸，移运至指定地，场地平整、清理等一切人、材、机费用"]
[-7,"拆除钢筋混凝土结构","m3",{"v":67,"d":"67.00"},null,0,null,{"v":67,"d":"67.00"},{"v":0,"d":"0.00"}]
[-8,"拆除浆砌（块）片石结构","m3",{"v":30,"d":"30.00"},null,0,null,{"v":30,"d":"30.00"},{"v":0,"d":"0.00"},"含设置安全区域，结构物切割'破碎'开挖'装卸，场地平整、清理等一切人、材、机费用"]
[-9,"拆除干砌（块）片石结构","m3",{"v":30,"d":"30.00"},null,0,null,{"v":30,"d":"30.00"},{"v":0,"d":"0.00"}]
["门架式限高杆",{"$nulls":6},{"v":0,"d":"0.00"},{"v":0,"d":"0.00"}]
["钢管",null,"t",{"v":4000,"d":"4000.00"},null,{"$f":"E189*D189","v":0},null,{"v":4000,"d":"4000.00"},{"v":0,"d":"0.00"},"含钢管材料，含基础材料、运输、储存、加工、焊接、基础基坑开挖，安装、锚固、场地清理等一切人、材、机费用"]
["钢板",null,"t",{"v":5000,"d":"5000.00"},null,0,null,{"v":5000,"d":"5000.00"},{"v":0,"d":"0.00"},"含钢板材料，含基础材料、运输、储存、加工、焊接、基础基坑开挖，安装、锚固、场地清理等一切人、材、机费用"]
["钢筋",null,"t",{"v":4000,"d":"4000.00"},null,0,null,{"v":4000,"d":"4000.00"},{"v":0,"d":"0.00"},"含钢筋材料，含基础材料、运输、储存、加工、制作、焊接、基础基坑开挖，安装、锚固、场地清理等一切人、材、机费用"]
["C25混凝土",null,"m3",{"v":400,"d":"400.00"},null,0,null,{"v":400,"d":"400.00"},{"v":0,"d":"0.00"},"含混凝土材料，含基础材料、运输、储存、加工、制作、焊接、基础基坑开挖，安装、锚固、场地清理等一切人、材、机费用"]
["碎石垫层",null,"m3",{"v":65,"d":"65.00"},null,0,null,{"v":65,"d":"65.00"},{"v":0,"d":"0.00"},"含设置安全区域，原材料、装卸、运输、搬运、储存、运输、加工、安装、基础、洒水、养生等一切人、材机费用"]
["其他",{"$nulls":6},{"v":0,"d":"0.00"},{"v":0,"d":"0.00"}]
[1,"养护公示牌（新增立柱和板180*100）","块",{"v":800,"d":"800.00"},null,{"$f":"E195*D195","v":0},null,{"v":800,"d":"800.00"},{"v":0,"d":"0.00"},"含设置安全区域，材料、运输、装卸、二次转运，基坑开挖、混凝土浇筑、振捣，场地清理等一切人、材、机费用"]
[2,"技术工","工日",{"v":150,"d":"150.00"},null,0,null,{"$f":"TRUNC(D196*(1-$G$3/100),2)","v":{"v":150,"d":"150.00"}},{"$f":"H196*E196","v":{"v":0,"d":"0.00"}}]
[3,"普工","工日",{"v":120,"d":"120.00"},null,0,null,{"v":120,"d":"120.00"},{"v":0,"d":"0.00"}]
[4,"融雪剂","t",{"v":550,"d":"550.00"},null,0,null,{"v":550,"d":"550.00"},{"v":0,"d":"0.00"},"含设置安全区域，材料、装车、移运、卸料、撒布等人工、机械一切费用"]
[5,"防滑砂","m3",{"v":70,"d":"70.00"},null,0,null,{"v":70,"d":"70.00"},{"v":0,"d":"0.00"}]
[6,"挖掘机(斗容量1.0立方米以上）","台班",{"v":1200,"d":"1200.00"},null,0,null,{"v":1200,"d":"1200.00"},{"v":0,"d":"0.00"},"含机械租赁或购置，运输、二次转场、燃油、驾驶员工资、保养、大修、小修保险等一切费用"]
[7,"挖掘机(斗容量0.5立方米）","台班",{"v":800,"d":"800.00"},null,0,null,{"v":800,"d":"800.00"},{"v":0,"d":"0.00"}]
[8,"运输车辆","台班",{"v":600,"d":"600.00"},null,0,null,{"v":600,"d":"600.00"},{"v":0,"d":"0.00"},"含机械租赁或购置，运输、二次转场、燃油、驾驶员工资、保养、大修、小修保险等一切费用"]
[9,"行道树刷白",{"$nulls":5},{"v":0,"d":"0.00"},{"v":0,"d":"0.00"}]
[10,"行道树刷白(胸径10cm以下)","株",{"v":1,"d":"1.00"},null,{"$f":"E204*D204","v":0},null,{"v":1,"d":"1.00"},{"v":0,"d":"0.00"},"含设置安全区域，材料、装车、移运、卸料、刷漆、场地清理等人工、机械一切费用"]
[11,"行道树刷白(胸径20cm以下)","株",{"v":1,"d":"1.00"},null,0,null,{"v":1,"d":"1.00"},{"v":0,"d":"0.00"},"含设置安全区域，材料、装车、移运、卸料、刷漆、场地清理等人工、机械一切费用"]
[12,"行道树刷白(胸径20cm以上)","株",{"v":1.5,"d":"1.50"},null,0,null,{"v":1.5,"d":"1.50"},{"v":0,"d":"0.00"},"含设置安全区域，材料、装车、移运、卸料、刷漆、场地清理等人工、机械一切费用"]
[13,"其他","",{"$nulls":4},{"v":0,"d":"0.00"},{"v":0,"d":"0.00"}]
[14,"防滑砂","kg",{"v":0.1,"d":"0.10"},null,{"$f":"E208*D208","v":0},null,{"v":0.1,"d":"0.10"},{"v":0,"d":"0.00"},"含材料、装车、移运、卸料、摆放、撒铺、场地清理等人工、机械一切费用"]
[15,"播撒花卉","m2",{"v":5,"d":"5.00"},null,{"$f":"E209*D209","v":0},null,{"v":5,"d":"5.00"},{"v":0,"d":"0.00"},"含材料、装车、移运、卸料、撒播、喷水、场地清理等人工、机械一切费用"]
["合计（元）：",{"$nulls":3},{"$f":"SUM(F3:F209)","v":{"v":1532263.442,"d":"1532263.44"}},null,{"$f":"SUM(I3:I209)","v":{"v":1532263.442,"d":"1532263.44"}}]